000 00318nam a22001457a 4500
008 210311b ||||| |||| 00| 0 eng d
020 _a9781133104384
041 _aeng
080 _214th
_a574
082 _a574
100 _a9
101 _aMJE
245 _aEnvironmental Science
_cMiller, G. T
942 _2udc
_cBK
999 _c56391
_d56391